00676nam a22002057a 450000500170000001000130001702000210003003500130005103700160006404000120008008200160009210000190010824501040012726000470023127000550027830000240033350000620035765000310041965000200045020170124110059.0 aA-713886 c00.00a195621395 aA-713886 bCen Lib/Ret aDPLbEN a954.33bPAN aPanikkar, K.N. aAgainst lord and state :cby K.n. Panikkar breligion and peasant uprisengs in malabar, 1836-1921 / aNew Delhi bOxford University Press c1989 bNew Delhi aYMCA building, jai singh road e110001 axv, 232p.c21cm(Hb) aIncludes glossary, bibliographical references and index  aSocial relations zKerela  aColonial state